=LDR 00000nam 2200000 4500 =001 INLIS000000000010871 =005 20130612102459 =008 ***********************************Ind** =035 ##$$0010-061300000010871 =041 ##$$a Ind =082 ##$$a 595.7 =090 ##$$a 595.7, Mah.a =100 ##$$a MAHARDONO. A =245 ##$$a Anatomi cacing buku penunjang kegiatan dan ketrampilan, A. Mahardono,S.Pratignyo, I. Iskandar =260 ##$$a 1982 $b [S.l.] =300 ##$$a 34 halaman, ilus, 21 cm =650 ##$$a Cacing =700 ##$$a PRATIGNYO, S., Iskandar. S =850 ##$$a NBPNMAT =990 ##$$a 0001/BPAP-NTB/2016